000 00584nam a2200205 a 4500
005 20240411063719.0
008 991125s1975 mx 000 0 spa u
035 _aUPN01000016478
049 _aCG
050 4 _aF1230
_bT7.3 1975
100 1 _aTrueba, Alfonso
245 1 0 _aDoce antorchas /
_cAlfonso Trueba.
250 _a3a ed.
260 _aMéxico :
_bJus,
_c1975.
300 _a144 p. :
_bil.
440 0 _aFiguras y episodios de la historia de México ;
_v5
651 4 _aMéxico
_xHistoria
_94558
610 2 4 _aIGLESIA CATOLICA -
_xMISIONES -
_zMEXICO
_96089
905 _aLibro
999 _c16478
_d16478